| 000 | 00511nam a2200229Ia 4500 | ||
|---|---|---|---|
| 008 | 210210b1932 xxu||||| |||| 00| 0 eng d | ||
| 041 | _aeng | ||
| 082 | _a954/373 | ||
| 100 | _aSARKAR (J) | ||
| 245 | _aFall of the mughal empire Vol II | ||
| 260 |
_aCalcutta _bM C Sarkar & Sons Private Limited _c1932 |
||
| 440 | _a2 | ||
| 650 | _aVol | ||
| 650 | _athe | ||
| 650 | _aof | ||
| 650 | _amughal | ||
| 650 | _aI | ||
| 650 | _aFall | ||
| 650 | _aempire | ||
| 690 | _aIndian History | ||
| 906 | _a026132 | ||
| 999 |
_c152088 _d152088 |
||